Legislatíva dopravy Slovenskej republiky a acquis communautaire
Základné východiská legislatívy dopravy EÚ. Právo spoločenstva. Zbližovanie legislatívy Slovenskej republiky a Európskej únie. Screeningy. Národný program prijatia acquis communautaire. Ďalší proces aproximácie práva.
Uložené v:
| Hlavný autor: | |
|---|---|
| Médium: | Kapitola |
| Jazyk: | Slovak |
| Predmet: | |
| Tagy: |
Žiadne tagy, Buďte prvý, kto otaguje tento záznam!
|
MARC
| LEADER | 00000naa a2200000 4500 | ||
|---|---|---|---|
| 001 | r040252 | ||
| 005 | 20230825084405.4 | ||
| 041 | 0 | |a slo | |
| 044 | |a SK | ||
| 245 | 1 | 0 | |a Legislatíva dopravy Slovenskej republiky a acquis communautaire |c Ján Kurinec |
| 520 | |a Základné východiská legislatívy dopravy EÚ. Právo spoločenstva. Zbližovanie legislatívy Slovenskej republiky a Európskej únie. Screeningy. Národný program prijatia acquis communautaire. Ďalší proces aproximácie práva. | ||
| 610 | 2 | 0 | |a doprava |
| 610 | 2 | 0 | |a spolupráca hospodárska medzinárodná |
| 610 | 2 | 0 | |a integrácia |
| 610 | 2 | 0 | |a aproximácia práva |
| 610 | 2 | 0 | |a Európska únia |
| 610 | 2 | 0 | |a Slovensko |
| 610 | 2 | 0 | |a dokumenty |
| 100 | 1 | |a Kurinec, Ján | |